| 000 | 00355nam a22001457a 4500 | ||
|---|---|---|---|
| 008 | 210310b ||||| |||| 00| 0 eng d | ||
| 020 | _a9783540439233 | ||
| 041 | _aeng | ||
| 080 | _a070 | ||
| 082 | _a070 | ||
| 100 | _a39 | ||
| 101 | _aMED | ||
| 245 |
_aScreen Design Manual Communicating Effectively Through Multimedia _cThissen, F |
||
| 942 |
_2udc _cBK |
||
| 999 |
_c56119 _d56119 |
||